Nové trendy marketingovej komunikácie – blog ako funkčný marketingový nástroj podniku
Teoretické východiská marketingovej komunikácie podniku. Marketingová komunikácia, komunikačný mix. Nové trendy marketingovej komunikácie: CRM, buzzmarketing, virálny marketing, sociálne siete, blog.
Salvato in:
| Autore principale: | |
|---|---|
| Altri autori: | |
| Natura: | Capitolo di libro |
| Lingua: | slovacco |
| Soggetti: | |
| Tags: |
Nessun Tag, puoi essere il primo ad aggiungerne!!
|
MARC
| LEADER | 00000nla a2200000 4500 | ||
|---|---|---|---|
| 001 | 0240544 | ||
| 005 | 20240502073918.6 | ||
| 041 | 0 | |a slo | |
| 044 | |a SK | ||
| 245 | 1 | 0 | |a Nové trendy marketingovej komunikácie – blog ako funkčný marketingový nástroj podniku |c Diana Nigutová, Martin Mucha |
| 520 | |a Teoretické východiská marketingovej komunikácie podniku. Marketingová komunikácia, komunikačný mix. Nové trendy marketingovej komunikácie: CRM, buzzmarketing, virálny marketing, sociálne siete, blog. | ||
| 610 | 2 | 0 | |a marketing |
| 610 | 2 | 0 | |a marketing elektronický |
| 610 | 2 | 0 | |a marketing mix |
| 610 | 2 | 0 | |a komunikácia marketingová |
| 610 | 2 | 0 | |a komunikácia elektronická |
| 610 | 2 | 0 | |a mix komunikačný |
| 610 | 2 | 0 | |a podnik |
| 610 | 2 | 0 | |a nástroje marketingové |
| 610 | 2 | 0 | |a propagácia |
| 610 | 2 | 0 | |a siete sociálne |
| 610 | 2 | 0 | |a internet |
| 610 | 2 | 0 | |a technológie nové |
| 610 | 2 | 0 | |a technológie komunikačné |
| 100 | 1 | |a Nigutová, Diana | |
| 700 | 1 | |a Mucha, Martin | |